000 nam a22 a 4500
999 _c4415
_d4415
005 20170530092509.0
008 170530b2012 my ||||| |||| 00| 0 eng d
020 _a9789678922951
040 _aAKMAL
082 _a345.59505 MAL
090 _a345.59505
_bMAL
245 _aCRIMINAL PROCEDURE CODE(ACT 593) & RULES
_b(as at 1st August 2012)
_cInternational Law Book Services
260 _aMalaysia
_bInternational Law Book Services
_c2012
300 _a342 ms
_c24 cm
599 _aDALAM PROSES
650 _aLaws
_98586
942 _2ddc
_cBOOK